LEADER 01247nam a2200289 i 4500 001 000000114281 003 CaOOAMICUS 005 20191119151424.0 008 030414s2002 it u000 u ita u 013 $a86967 020 $a88-7105-145-9 040 $aSeMil$bita 100 1 $aAccordini, Giuseppe.$0(OLS)http://semarc/name/43632 245 13$aLa rivelazione di Dio come storia e come atto :$bscenari e codici nella teologia di W. Pannenberg /$cGiuseppe Accordini. 260 $aMilano :$bGlossa,$c2002. 300 $aXIX, 310 p. ;$c22 cm. 490 0 $aQuodlibet ;$v11 650 4$aPannenberg, Wolfhart.$0(OLS)http://semarc/subject/9181 650 4$aRivelazione - Teologia.$0(OLS)http://semarc/subject/1246 830 0$aQuodlibet ;$v11.$0(OLS)http://semarc/title/173 850 $aSeMil 852 $aSeMil$W1$xVenegono$y1$m2KA N 11$j229260$B69863$CSeMilBibl$Z2$F75019 $81 961 $aSottoscrizione: Glossa 996 $6020$a88-7105-145-9$9(OLS)http://semarc/number/97516 996 $6245$aLa rivelazione di Dio come storia e come atto :$bscenari e codici nella teologia di W. Pannenberg$9(OLS)http://semarc/title/166983 996 $6260$aMilano :$bGlossa$9(OLS)http://semarc/publisher/29635 LEADER 01933nam a2200349 4500 001 000000349370 003 CaOOAMICUS 005 20220204094130.0 008 220204s2020 gw 000 u ger r 020 $a978-3-11-071593-4 040 $aSeMil$bita 041 1 $ager$agrc 100 01$aIustinus .$0(OLS)http://semarc/name/90364 245 00$aPhilosophische Erotapokriseis und theologische Kapitel :$bQuaestiones gentilium ad Christianos, Quaestiones contra gentiles de relatis, Capita contra theopaschitas /$cPs-Justinus Martyr ; herausgegeben von Benjamin Gleede. 264 1$aBerlin ; Boston :$bDe Gruyter,$c2020. 300 $aLIX, 46 p. ;$c25 cm 490 1 $aDie griechischen christlichen Schriftsteller der ersten Jahruhunderte. Neue Folge ;$v29 504 $aBibliographie, p. [LV]-LVII 505 0 $tCapita contra theopaschitas 505 0 $tQuaestiones contra gentiles de relatis 505 0 $tQuaestiones gentilium ad Christianos 546 $aTesto in greco antico, introduzione e note in tedesco 650 4$aNestorianesimo.$0(OLS)http://semarc/subject/51617 650 4$aChiesa primitiva e delle origini - Eresie.$0(OLS)http://semarc/subject/6378 700 1 $aGleede, Benjamin,$d<1977- >.$0(OLS)http://semarc/name/110454 830 4$aDie griechischen christlichen Schriftsteller der ersten Jahruhunderte. Neue Folge ;$v29.$0(OLS)http://semarc/title/431726 850 $aSeMil 852 $aSeMil$W1$xVenegono$y1$m2UA K 29$j231520$B240430$CSeMilBibl$Z2$F240430 $81 996 $6020$a978-3-11-071593-4$9(OLS)http://semarc/number/295243 996 $6245$aPhilosophische Erotapokriseis und theologische Kapitel :$bQuaestiones gentilium ad Christianos, Quaestiones contra gentiles de relatis, Capita contra theopaschitas$9(OLS)http://semarc/title/438939 996 $6264$aBerlin ; Boston :$bDe Gruyter$9(OLS)http://semarc/publisher/36449